000 00988nam a2200289 a 4500
001 32878
003 BD-RjUL
005 20211209051917.0
008 140428r19811921ii b 001 0 eng d
035 _a(BD-RjUL)32968
_aCURL 020000228218(Edi) from ahc312
040 _aLC
_beng
_cLC
_dBD-RjUL
041 _aeng
082 0 4 _220
_a297.4092
_bNIS 1981
100 1 _aNicholson, Reynold Alleyne,
_d1868-1945.
_966384
245 1 0 _aStudies in Islamic mysticism /
_cReynold A. Nicholson.
250 _a1st ed.
260 _aDelhi :
_bIdarah-i,
_c1921 [reprinted 1981].
300 _axii, 282 p. ;
_c23 cm.
504 _aIncludes bibliographical references and index.
600 0 0 _aAbū Saʿīd ibn Abī al-Khayr,
_d967-1049.
_999955
600 1 0 _aIbn al-Fāriḍ, ʿUmar ibn ʿAlī,
_d1181 or 1182-1235.
_999956
600 1 0 _aal-Jīlī, ʿAbd al-Karīm ibn Ibrāhīm,
_db.1365 or 6.
_999957
650 0 _aSufism.
_999948
942 _2ddc
_cBK
999 _c32878
_d32878